Bayoumi v Women's Total Abstinence Educational Union Ltd and another (Record no. 74240)
[ view plain ]
| 000 -LEADER | |
|---|---|
| fixed length control field | 01589cab a2200217 4500 |
| 001 - CONTROL NUMBER | |
| control field | ABS67553 |
| 008 - FIXED-LENGTH DATA ELEMENTS--GENERAL INFORMATION | |
| fixed length control field | 040304n2004 000 0 eng u |
| 035 ## - SYSTEM CONTROL NUMBER | |
| System control number | (Sirsi) u125334 |
| 245 ## - TITLE STATEMENT | |
| Title | Bayoumi v Women's Total Abstinence Educational Union Ltd and another |
| 260 ## - PUBLICATION, DISTRIBUTION, ETC. | |
| Date of publication, distribution, etc. | 2004 |
| 490 ## - SERIES STATEMENT | |
| Series statement | Weekly Law Reports |
| Volume/sequential designation | [2004] 2 WLR 181-200(20) |
| 520 ## - SUMMARY, ETC. | |
| Summary, etc. | [2003] EWCA Civ 1548, 5 November 2003. Appeal against HC decision ([2003] EWHC 212 (Ch), Abs66740) which held that a contract to purchase property by the second defendant from the first defendant was void for non-compliance with the requirements of the Charities Act 1993 s36(3). Appeal raises questions of general importance in relation to the scope and effect of the restrictions on dispositions of charity land contained in the Charities Act 1993 Part V. "Held" appeal allowed in part. CA held that an uncompleted contract for sale of charity land was not a disposition of that land for purposes of s36(1) and (2) of the 1993 Act. S37(4) could only validate a disposition to which s36(1) and (2) applied and therefore had not application to an uncompleted contact for sale of charity land. A declaration to the effect that s27(4) and to application to the contract would be inserted into the original declaration given by the deputy judge. |
| 590 ## - LOCAL NOTE (RLIN) | |
| Local note | ABS |
| 650 ## - SUBJECT ADDED ENTRY--TOPICAL TERM | |
| Topical term or geographic name entry element | BAYOUMI V WOMEN TOTAL ABSTINENCE UNION LTD AND ANOTHER |
| 650 ## - SUBJECT ADDED ENTRY--TOPICAL TERM | |
| Topical term or geographic name entry element | CHARITIES ACT 1993 S36(3) |
| 650 ## - SUBJECT ADDED ENTRY--TOPICAL TERM | |
| Topical term or geographic name entry element | CHARITIES ACT 1993 S37(4) |
| 650 ## - SUBJECT ADDED ENTRY--TOPICAL TERM | |
| Topical term or geographic name entry element | SPECIFIC PERFORMANCE |
| 650 ## - SUBJECT ADDED ENTRY--TOPICAL TERM | |
| Topical term or geographic name entry element | CONTRACT |
| 690 ## - LOCAL SUBJECT ADDED ENTRY--TOPICAL TERM (OCLC, RLIN) | |
| Topical term or geographic name as entry element | PROPERTY AND LAND LAW-CASE LAW |
| 942 ## - ADDED ENTRY ELEMENTS (KOHA) | |
| Suppress in OPAC | 0 |
| Withdrawn status | Lost status | Source of classification or shelving scheme | Damaged status | Not for loan | Home library | Current library | Shelving location | Date acquired | Total Checkouts | Full call number | Barcode | Date last seen | Copy number | Price effective from | Koha item type |
|---|---|---|---|---|---|---|---|---|---|---|---|---|---|---|---|
| Dewey Decimal Classification | London | London | Journal article | 04/03/2004 | ABS67553 | 125334-1001 | 06/08/2019 | 1 | 06/08/2019 | Law report |